02157cam a2200301 a 4500001000800000005001700008008004100025020001500066020001800081035001700099035002000116035002300136040001800159082001700177100002100194245004100215246002200256260006400278300004100342500035600383504005400739505081900793600003401612650005701646710004801703710004801751710005601799433278420220326193336.0030929s2003 sp a bc 000 0 spa d a8489771049 a9788489771048 a(NNC)4332784 a(OCoLC)57521512 a(OCoLC)ocm57521512 aPULcPULdNNC a709.2bD259r1 aFilliou, Robert.10aRobert Filliou :bgenio sin talento.30aGenio sin talento aBarcelona :bMuseu d'Art Contemporani de Barcelona,cc2003. a189 p. :bill. (some col.) ;c29 cm. aCatalog of an exhibition held at Museu d'art contemporani de Barcelona (MACBA), Apr. 11-June 29, 2003, Museum Kunst Palast, Düsseldorf, July 26-Nov. 9, 2003, and Musée d'art moderne de Lille métropole, Villeneuve d'Ascq, Dec. 6, 2003-Mar. 28, 2004. The catalogs for the German and French exhibitions were published in their respective languages. aIncludes bibliographical references (p. 175-188). tPrefaciotRobert Filliou: Exposition pour la 3ème oeil/ Exhibition for the 3rd eye rSylvie Jouval tFilliou, semejante a los humanos y artistas rJean - Hubert Martin tAlemania es un buen lugar para dormir rHeike Van Den Valentyn tImpulso General rMichel Collet tPoï Poï rJean - Clarence Lambart tLa creacion de obras de arte es un proceso de intercambio mutuo tLa nocion de creacion permanente y el proyecto del primer centro de creacion permanente "poïpoïdrome" tColaboraciones tDe los principios de economia poetica a los principios de equivalencia, del espiritu a la tecnica. tEl territorio de la republica Genial tLa investigacion del territorio de la republica genial tContribucion al arte de la paz tEl diccionario como guion tEl arte como una forma organizada de juego tAnexos 10aFilliou, RobertvExhibitions. aCatalogo de Exhibición vBiografia xArte moderno 2 aMuseu d'Art Contemporani (Barcelona, Spain)2 aMuseum Kunst Palast (Düsseldorf, Germany)1 aVilleneuve-d'Ascq (France).bMusée d'art moderne.